00814nam a22002297a 450000500170000001000130001702000100003003500130004003700160005304000120006908200240008110000410010524500750014624600400022126000730026127000660033430000610040065000430046165000430050465000210054765000160056820170124103017.0 aB-100750 c00.00 aB-100750 bCen Lib/Ret aDPLbHN aउ bनागर  aनागर ,अमृतलाल  aबिखरे तिनके /cअमृतलाल नागर  aBikhre tinke b by Amritlal Naagar  a दिल्लीbराजपाल एंड संस c2005 aकश्मीरी गेट b दिल्लीe110006 a104पृष्ठ. c20सेमी(सजिल्द) aहिंदी साहित्य  aहिंदी उपन्यास  ahindi literature ahindi novel